Disc Golf: Innova Discs - Statistics

General Stats
  • This quiz has been taken 230 times
    228 since last reset
  • The average score is 44 of 115
Answer Stats
Hint Answer % Correct
2 Aviar
89%
12 Destroyer
88%
9 Firebird
81%
4 Roc
79%
4 Roc+
79%
7 TeeBird
78%
11 Wraith
78%
6 Leopard
75%
4 Mako
73%
5 Roc3
70%
9 Thunderbird
69%
13 Boss
68%
14 Corvette
66%
4 Shark
66%
5 Mako3
65%
7 Leopard3
64%
8 TeeBird3
64%
7 Eagle
62%
3 Aviar3
61%
4 Toro
61%
10 Beast
60%
4 Pig
59%
5 Gator
57%
7 TL
57%
2 Whale
55%
3 AviarX3
54%
13 Shryke
54%
8 TL3
54%
11 Mamba
53%
1 Polecat
53%
5 Lion
51%
9 Valkyrie
50%
9 Roadrunner
48%
12 Tern
48%
9 Sidewinder
44%
1 Birdie
43%
5 RocX3
43%
5 Shark3
43%
13 Ape
42%
14 Colossus
42%
5 Wombat
42%
13 Katana
41%
2 KC Aviar
40%
2 Rhyno
40%
5.5 Caiman
39%
3 Colt
38%
10 Orc
37%
4 Wolf
37%
12 XCaliber
37%
6 Cheetah
36%
14 Firestorm
36%
2 JK Aviar
36%
4 Rat
36%
5 Wombat3
35%
13 Daedalus
34%
3 Dart
34%
5 Jay
34%
2 Nova
34%
8 Dragon
33%
1 Sonic
33%
10 Invictus
32%
7 IT
32%
13 Charger
31%
4 King Cobra
31%
11 Max
31%
4 Cobra
30%
5 Cro
30%
3 Invader
30%
3 Aero
29%
7 Hawkeye
29%
4 Stingray
29%
4 VRoc
29%
13 Vulcan
29%
9 FL
28%
13 Groove
28%
6 Gazelle
27%
8 Archangel
26%
2 Yeti Aviar
26%
11 Mystere
25%
9 Savant
25%
5 Atlas
24%
7 Banshee
24%
13 Dominator
24%
5 Panther
24%
9 Viking
24%
6 Viper
24%
12 Wahoo
24%
2 Animal
23%
12 TeeDevil
23%
11 TeeRex
23%
2 Aviar Driver
22%
11 Krait
22%
10 Monster
22%
5 Skeeter
21%
10 Starfire
21%
2 Classic Aviar
20%
10 Monarch
20%
3 Bullfrog
19%
6 Whippet
19%
2 Xero
19%
11 Archon
18%
4 Coyote
18%
5 Spider
18%
5 Foxbat
17%
3 Mirage
17%
3 XD
17%
2 RhynoX
16%
3 Stud
16%
5 Avatar
15%
5 Kite
14%
5 Manta
13%
3 Hydra
12%
3.5 Wedge
11%
5 VCobra
9%
5 Gremlim
3%
No matching quizzes found
Score Distribution
Percent of People with Each Score
Percentile by Number Answered
Your Score History
You have not taken this quiz since the last reset